NLSUI OPAC header image

The legal protection of databases (Record no. 20650)

MARC details
000 -LEADER
fixed length control field 01262nam a2200217Ia 4500
003 - CONTROL NUMBER IDENTIFIER
control field OSt
005 - DATE AND TIME OF LATEST TRANSACTION
control field 20211028101343.0
008 - FIXED-LENGTH DATA ELEMENTS--GENERAL INFORMATION
fixed length control field 160316s2003 xxu||||| |||| 00| 0 eng d
020 ## - INTERNATIONAL STANDARD BOOK NUMBER
International Standard Book Number 9780511326141
040 ## - CATALOGING SOURCE
Transcribing agency N
082 ## - DEWEY DECIMAL CLASSIFICATION NUMBER
Classification number 346.048000
Item number DAV
100 ## - MAIN ENTRY--PERSONAL NAME
Personal name Davison Mark J
245 ## - TITLE STATEMENT
Title The legal protection of databases
260 ## - PUBLICATION, DISTRIBUTION, ETC.
Place of publication, distribution, etc. Cambridge
Name of publisher, distributor, etc. Cambridge University Press
Date of publication, distribution, etc. 2003
300 ## - PHYSICAL DESCRIPTION
Extent 316p
Dimensions xxxviii
365 ## - TRADE PRICE
Price amount Rs.4,290
505 ## - FORMATTED CONTENTS NOTE
Formatted contents note Contents: <br/>Cover; <br/>Half-title; <br/>Series-title; <br/>Title; <br/>Copyright; <br/>Dedication; <br/>Contents; <br/>Foreword; <br/>Acknowledgments; <br/>Table of cases; <br/>Table of legislation; <br/>Table of European Union legislation; <br/>Table of treaties, conventions, other international and regional instruments; <br/>1 Introduction; <br/>2 Some basic principles; <br/>3 Protection of databases in the EU; <br/>4 Transposition of the Directive; <br/>5 Protection of databases in the United States of America; <br/>6 International aspects of protection of databases; <br/>7 The appropriate model for the legal protection of databases; <br/>Glossary; <br/>Bibliography; <br/>Index.
650 ## - SUBJECT ADDED ENTRY--TOPICAL TERM
Topical term or geographic name entry element 1. Copyright - Databases - U K 2. Databases - Law & Legislation - U K 3. Databases - Law & legislation - European Union Countries
700 ## - ADDED ENTRY--PERSONAL NAME
Personal name
--
942 ## - ADDED ENTRY ELEMENTS (KOHA)
Source of classification or shelving scheme Dewey Decimal Classification
Koha item type BOOKs
Holdings
Withdrawn status Lost status Damaged status Not for loan Home library Current library Shelving location Date acquired Cost, normal purchase price Total Checkouts Full call number Barcode Date last seen Price effective from Koha item type
        NLS NLS   30/05/2017 4290.00   346.048 DAV 18746 30/05/2017 30/05/2017 BOOKs